000 00503nam a2200193Ia 4500
008 151119s9999||||xx |||||||||||||| ||und||
082 _a891.463
082 _bGKKV27741
100 _aबांदोडकर व पु
245 _aभूमिका
260 _a--
260 _b--
260 _c2008
600 _aबांदोडकर व पु
630 _aभूमिका
700 _aबांदोडकर व पु
730 _aभूमिका
942 _cBOOK
999 _c1080167
_d1080164